| Tag |
First Indicator |
Second Indicator |
Subfields |
| LEADER |
00000pam a2200000 4500 |
| 001 |
in00000042870 |
| 005 |
20181201063047.0 |
| 008 |
740802r19741750nyu 00001 eng |
| 010 |
|
|
|a 74016062
|
| 020 |
|
|
|a 0824011287
|
| 035 |
|
|
|a (OCoLC)01008262
|
| 035 |
|
|
|9 AAE0861AM
|
| 040 |
|
|
|a DLC
|c DLC
|d TXA
|d UtOrBLW
|
| 049 |
|
|
|a TXAM
|c [1383492]
|
| 050 |
0 |
0 |
|a PZ3.S4294
|b Hi5
|a PR3671.S33
|
| 090 |
|
|
|a PR3671.S33
|b H57 1974
|
| 100 |
1 |
|
|a Scott, Sarah,
|d 1720-1795.
|
| 245 |
1 |
4 |
|a The history of Cornelia.
|
| 264 |
|
1 |
|a New York :
|b Garland Pub.,
|c 1974.
|
| 300 |
|
|
|a 271 pages ;
|c 18 cm.
|
| 336 |
|
|
|a text
|b txt
|2 rdacontent
|
| 337 |
|
|
|a unmediated
|b n
|2 rdamedia
|
| 338 |
|
|
|a volume
|b nc
|2 rdacarrier
|
| 490 |
1 |
|
|a The Flowering of the novel
|
| 500 |
|
|
|a Reprint of the 1750 edition printed for A. Millar, London.
|
| 830 |
|
0 |
|a Flowering of the novel.
|
| 999 |
|
|
|a MARS
|
| 999 |
f |
f |
|s 1e4829e9-9f8b-3edd-96f4-d9dc8c84fada
|i 00e7407f-abf5-3371-bc10-4b0825d4999f
|t 0
|
| 952 |
f |
f |
|p normal
|a Texas A&M University
|b College Station
|c Sterling C. Evans Library
|d Evans: Library Stacks
|t 0
|e PR3671.S33 H57 1974
|h Library of Congress classification
|i unmediated -- volume
|m A14804277826
|
| 998 |
f |
f |
|a PR3671.S33 H57 1974
|t 0
|l Evans: Library Stacks
|